000 00525nam a2200181 4500
003 SEACOMMC
005 20250424141937.0
008 241104b |||||||| |||| 00| 0 eng d
020 _a978-0-07-058247-7
_cRs.285.00
040 _aSEACOMMC
082 _a330.101.542
_bH 496
100 _a Henderson, J.M
245 1 _aMicroeconomics Theory: a Mathematical Approach
_c J.M. Henderson and R.E. Quandt
250 _a3rd ed.
260 _a New Delhi
_b Tata McGraw Hill
_c2003
650 _a Mathematical Economics
942 _cBOOK
999 _c735
_d735